Statystyki dla Reżyserzy - Zdjęcia

Kliknij tutaj aby rozwiązać quiz!

Ogólne statystyki

  • Ten quiz został rozwiązany 54 razy
  • Średni wynik to 19 z 34

Statystyki odpowiedzi

Odpowiedź% Poprawnych
Quentin Tarantino
96%
Andrzej Wajda
89%
Clint Eastwood
89%
Mel Gibson
85%
Roman Polański
85%
Steven Spielberg
85%
James Cameron
78%
Martin Scorsese
70%
Marek Koterski
67%
Alfred Hitchcock
63%
Stanisław Bareja
63%
Wojciech Smarzowski
63%
Christopher Nolan
59%
David Lynch
59%
Francis Ford Coppola
59%
Peter Jackson
56%
David Fincher
52%
Juliusz Machulski
52%
Paul Thomas Anderson
52%
Stanley Kubrick
52%
Wes Anderson
52%
Ridley Scott
48%
Sergio Leone
44%
Tim Burton
44%
Guy Ritchie
41%
Sam Mendes
41%
Frank Darabont
37%
Alejandro González Iñárritu
33%
Darren Aronofsky
33%
Denis Villeneuve
33%
Joel Coen
30%
Todd Phillips
26%
Joon-ho Bong
22%
Robert Eggers
15%

Rozkład punktacji

Percentyl według liczby udzielonych odpowiedzi

Procent ludzi z każdym wynikiem

Twoja historia wyników

Nie rozwiązałeś tego quizu